Missing Word: Tobey Maguire Movies Quiz Stats

 Plays Quiz Updated Nov 30, 2015

Challenge
Share
Tweet
Embed
Score 0/14 Timer 04:00
0 Plays Today
Film Missing Word % Correct
Spider-____Man
98.3%
The Cider House _____Rules
91.4%
____ & DogsCats
85.7%
The Great ______Gatsby
83.5%
Deconstructing ______Harry
47.6%
The ____ GermanGood
47.6%
The Ice ______Storm
38.9%
Film Missing Word % Correct
________ BoysWonder
29.9%
This _____ LifeBoy's
28.4%
____ With the DevilRide
17.4%
Pawn _______Sacrifice
10.6%
________ of the Red BaronRevenge
10.1%
Don's _____Plum
7%
_____ DayLabor
5.7%

Today's Daily Dose

You're not logged in!

Compare scores with friends on all Sporcle quizzes.
OR
Log In

You Might Also Like...

Show Comments

Extras

Top Quizzes Today


Score Distribution

Your Account Isn't Verified!

In order to create a playlist on Sporcle, you need to verify the email address you used during registration. Go to your Sporcle Settings to finish the process.

Report this User

Report this user for behavior that violates our Community Guidelines.

Details: